000 00384nam a2200145Ia 4500
008 211109s9999||||xx |||||||||||||| ||und||
082 _a820.9
_bTHO-A
100 _aThomas, Seccomlie
245 0 _aAge of Johnson, 1748-1798
260 _bG Bell and Sons
_aLondon
_c1748
300 _a366p.
630 _xGeneral Stack
650 _aAmerican Literature in English
_xEnglish
942 _cBOOK
999 _c116
_d116